000 00764nam a22002537a 4500
003 dpl
005 20180714151447.0
008 180714b xxu||||| |||| 00| 0 eng d
010 _aA-647475
020 _c00.00
_a0002241919
035 _aA-647475, A-647479
037 _bCen Lib/Ret
040 _aDPL
_bEN
_c0
082 _aN
_bALL
100 _aAllende, Isabel
_928593
245 _aThe infinite plan /
_cby Isabel Allende; translated by Margret Sayers Peden
260 _bHarper Collins Publishers
_c1991
_aNew Delhi
270 _bNew Delhi
_a7/16, ansari road
_e110002
300 _a382p.
_c21cm(Hb)
650 _aSpanish literature
_928594
650 _aNovels
_913976
700 _aPeden, Margaret Sayers
_928595
942 _2ddc
_cEN
_hN
_mALL
999 _c130211
_d130211